000 00896nas a2200313 4500
001 BR2013009614
003 BR-BrBNA
005 20231205123300.0
007 ta
008 230509b bl.|||p| |||| 00| 00por d
040 _aBR-BrBNA
_bpor
_cBiblioteca Nacional de Agricultura
041 _a(Pt)
072 _aL40
100 1 _aSouza, A.F.
100 1 _aOliveira, V.C.
100 1 _aSantos, A.C.
100 1 _aRosa, R.A.
100 1 _aCarvalho, A.F.
100 1 _aAmbrósio, C.E.
100 1 _aMançanares, C.A.F.
245 1 _aMorfologia macro e microscópica das papilas linguais do quati
650 _aQUATI
650 _aMORFOLOGIA
650 _aLÍNGUA
650 _aMICROSCÓPIO
773 0 _tPesquisa Veterinária Brasileira (Brazil)
_xISSN 0100-736X
_g(Mar 2012), v. 32(3) p. 271-277
_wBR2013009614
909 _a202311
_bLúcia
_c55
_dLúcia Elande
942 _2AGRIS
_n0
_cANA
999 _c233098
_d233098